<?xml version="1.0" encoding="UTF-8"?>
<collection xmlns="http://www.loc.gov/MARC21/slim">
<record>
  <controlfield tag="001">160178</controlfield>
  <controlfield tag="005">20250520135544.0</controlfield>
  <datafield tag="037" ind1=" " ind2=" ">
    <subfield code="a">GDOC-2024-63184</subfield>
  </datafield>
  <datafield tag="970" ind1=" " ind2=" ">
    <subfield code="a">GDOC-2024-63184</subfield>
  </datafield>
  <datafield tag="041" ind1=" " ind2=" ">
    <subfield code="a">spa</subfield>
  </datafield>
  <datafield tag="041" ind1=" " ind2=" ">
    <subfield code="a">eng</subfield>
  </datafield>
  <datafield tag="540" ind1=" " ind2=" ">
    <subfield code="a">by-nc-sa</subfield>
    <subfield code="b">Creative Commons</subfield>
    <subfield code="c">3.0</subfield>
    <subfield code="u">http://creativecommons.org/licenses/by-nc-sa/3.0/</subfield>
  </datafield>
  <datafield tag="260" ind1=" " ind2=" ">
    <subfield code="a">Zaragoza</subfield>
    <subfield code="b">Universidad de Zaragoza</subfield>
    <subfield code="c">2024-2025</subfield>
  </datafield>
  <datafield tag="245" ind1="0" ind2="0">
    <subfield code="9">63184</subfield>
    <subfield code="a">Trabajo fin de Máster</subfield>
  </datafield>
  <datafield tag="242" ind1="0" ind2="0">
    <subfield code="9">63184</subfield>
    <subfield code="a">Master's dissertation</subfield>
  </datafield>
  <datafield tag="100" ind1=" " ind2=" ">
    <subfield code="0">(orcid)0000-0002-2887-4821</subfield>
    <subfield code="a">Joaquín Agustín Álvarez, Martínez</subfield>
    <subfield code="1">135795</subfield>
  </datafield>
  <datafield tag="700" ind1=" " ind2=" ">
    <subfield code="0">(orcid)0000-0002-1654-4278</subfield>
    <subfield code="a">Rafael Álvarez, Gimeno</subfield>
    <subfield code="1">472583</subfield>
  </datafield>
  <datafield tag="700" ind1=" " ind2=" ">
    <subfield code="0">(orcid)0000-0003-4474-5146</subfield>
    <subfield code="a">Gonzalo Arruego, Rodríguez</subfield>
    <subfield code="1">312479</subfield>
  </datafield>
  <datafield tag="700" ind1=" " ind2=" ">
    <subfield code="0">(orcid)0000-0001-7110-3304</subfield>
    <subfield code="a">Aurelio Barrio, Gallardo</subfield>
    <subfield code="1">475287</subfield>
  </datafield>
  <datafield tag="700" ind1=" " ind2=" ">
    <subfield code="0">(orcid)0000-0001-6730-8796</subfield>
    <subfield code="a">Olga Berta Carreras, Manero</subfield>
    <subfield code="1">458377</subfield>
  </datafield>
  <datafield tag="700" ind1=" " ind2=" ">
    <subfield code="0">(orcid)0000-0003-4274-9207</subfield>
    <subfield code="a">Sabina Elisabet de Miguel, Arias</subfield>
    <subfield code="1">487224</subfield>
  </datafield>
  <datafield tag="700" ind1=" " ind2=" ">
    <subfield code="0">(orcid)0000-0002-0791-2390</subfield>
    <subfield code="a">Carlos Fuertes, Iglesias</subfield>
    <subfield code="1">569760</subfield>
  </datafield>
  <datafield tag="700" ind1=" " ind2=" ">
    <subfield code="0">(orcid)0000-0001-6314-0543</subfield>
    <subfield code="a">Antonio José García, Gómez</subfield>
    <subfield code="1">137021</subfield>
  </datafield>
  <datafield tag="700" ind1=" " ind2=" ">
    <subfield code="0">(orcid)0000-0001-8576-1973</subfield>
    <subfield code="a">Nicolás Alejandro Guillén, Navarro</subfield>
    <subfield code="1">458239</subfield>
  </datafield>
  <datafield tag="700" ind1=" " ind2=" ">
    <subfield code="0">(orcid)0000-0002-6553-8245</subfield>
    <subfield code="a">Esther Hernández, Sáinz</subfield>
    <subfield code="1">331958</subfield>
  </datafield>
  <datafield tag="700" ind1=" " ind2=" ">
    <subfield code="0">(orcid)0000-0003-1837-1267</subfield>
    <subfield code="a">Lucía María Molinos, Rubio</subfield>
    <subfield code="1">136116</subfield>
  </datafield>
  <datafield tag="700" ind1=" " ind2=" ">
    <subfield code="0">(orcid)0000-0002-7178-2420</subfield>
    <subfield code="a">Vitelio Manuel Tena, Piazuelo</subfield>
    <subfield code="1">143107</subfield>
  </datafield>
  <datafield tag="700" ind1=" " ind2=" ">
    <subfield code="0">(orcid)0000-0003-3276-5983</subfield>
    <subfield code="a">Angel Luis de Val, Tena</subfield>
    <subfield code="1">145360</subfield>
  </datafield>
  <datafield tag="830" ind1=" " ind2=" ">
    <subfield code="9">574</subfield>
  </datafield>
  <datafield tag="856" ind1="4" ind2=" ">
    <subfield code="s">8041</subfield>
    <subfield code="u">http://zaguan.unizar.es/record/160178/files/guia-63184-en.pdf</subfield>
    <subfield code="y">Guide (english)</subfield>
  </datafield>
  <datafield tag="856" ind1="4" ind2=" ">
    <subfield code="s">8307</subfield>
    <subfield code="u">http://zaguan.unizar.es/record/160178/files/guia-63184-es.pdf</subfield>
    <subfield code="y">Guía (idioma español)</subfield>
  </datafield>
  <datafield tag="521" ind1=" " ind2=" ">
    <subfield code="9">705</subfield>
    <subfield code="a">Máster Universitario en Gestión Administrativa</subfield>
    <subfield code="b">Master's in Administrative Management</subfield>
  </datafield>
  <datafield tag="980" ind1=" " ind2=" ">
    <subfield code="a">GDOC</subfield>
    <subfield code="b">Ciencias Sociales y Jurídicas</subfield>
    <subfield code="b">Social Sciences and Law</subfield>
    <subfield code="c">102</subfield>
  </datafield>
</record>
</collection>